| 000 | 00959nam a22002417a 4500 | ||
|---|---|---|---|
| 999 |
_c16663 _d16663 |
||
| 003 | AR-CdUCM | ||
| 008 | 190504b ||||| |||| 00| 0 spa d | ||
| 040 |
_aMUNICIPALIDAD PROVINCIAL DEL CUSCO _cBIBLIOTECA MUNICIPAL DEL CUSCO |
||
| 041 | _hit | ||
| 082 |
_23ed. _a125.8 / _bR84 |
||
| 100 |
_aRosmini _936235 |
||
| 245 | _aBreve esquema de los sistemas de filosofía moderna y de mi propio sistema / | ||
| 260 |
_aBuenos Aires : _bAguilar, _c1963. |
||
| 300 |
_a92 páginas ; _c16 cm. |
||
| 440 |
_aBiblioteca de iniciación filosófica ; _n15 _936236 |
||
| 505 | _aContenido: Distinción entre sujeto y objeto -- Las ideas no son una nada -- Principales caracteres de las ideas -- Las ideas residen en dios desde la eternidad ... | ||
| 650 |
_aFilosofía moderna _913004 |
||
| 650 |
_aFilosofía italiana _936237 |
||
| 650 |
_aSiglo XIX. _9971 |
||
| 700 |
_aRodriguez Aranda, Luis (traductor) _915727 |
||
| 942 |
_2ddc _cLIBROS |
||
| 945 |
_aacv _d2019-05-04 |
||